000 00548cam a2200169u 4500
001 000001135
005 20200929145502.0
008 810114q19301938sp 000 0 spa
040 _aDO-SdBNP
_bspa
_cBNPHU
082 _ann.
_bR491a
100 1 _aRicci, Corrado,
_d1858-1934.
_93882
245 1 0 _aAlbum de las galerias de pinturas de los museos de Florencia.
260 _aBarcelona :
_bLabor,
_c[193-?].
300 _a33 cm. :
_bil. ;.
650 0 _aPainting
_zItaly
_zFlorence.
_93883
700 1 _aMiral y López, Domingo, [from old catalog]
_etr.
_93884
999 _c1089
_d1089